How to teach grammar

Gorde:
Xehetasun bibliografikoak
Egile nagusia: Thornbury, Scott (Egilea)
Formatua: Liburua
Hizkuntza:ingelesa
Argitaratua: Essex Pearson Education 1999
Gaiak:
Etiketak: Etiketa erantsi
Etiketarik gabe, Izan zaitez lehena erregistro honi etiketa jartzen!

MARC

LEADER 00000nam a2200000 a 4500
001 UCN8555
003 CL-VaPUC
008 011116e19990000uk |||||||||||||||||eng|d
020 |a 0582339324 
082 0 4 |a 425  |b THO  |2 21 
100 0 |a Thornbury, Scott  |e author  |9 464824 
245 1 0 |a How to teach grammar 
300 |a 182 p 
942 |c BK 
945 |d 20011116 00:00:00  |a cmena 
260 |a Essex  |b Pearson Education  |c 1999 
650 0 |a Gramática inglesa  |9 392981 
650 0 |a Lengua inglesa  |9 318842 
650 0 |a Educación lingüística  |9 306506 
650 0 |a Métodos de enseñanza  |9 270413 
999 |c 298392  |d 298390 
583 |k Rodrigo Vera 
952 |0 0  |1 0  |4 0  |6 425_000000000000000_THO_1999  |7 0  |8 A  |9 353927  |a BIBEDU  |b BIBEDU  |d 2019-11-21  |i 3773507  |o 425 THO 1999  |p 3773507  |r 2019-11-21  |w 2019-11-21  |y BK  |k LIT 
952 |0 0  |1 0  |4 0  |6 425_000000000000000_THO_1999  |7 0  |8 A  |9 353928  |a BIBEDU  |b BIBEDU  |d 2019-11-21  |i 4051610  |o 425 THO 1999  |p 4051610  |r 2019-11-21  |w 2019-11-21  |y BK  |k LIT 
952 |0 0  |1 0  |4 0  |6 425_000000000000000_THO_1999  |7 0  |8 A  |9 353929  |a BIBEDU  |b BIBEDU  |d 2019-11-21  |i 4259890  |o 425 THO 1999  |p 4259890  |r 2019-11-21  |w 2019-11-21  |y BK  |k LIT 
952 |0 0  |1 0  |4 0  |6 425_000000000000000_THO_1999  |7 0  |8 A  |9 353930  |a BIBEDU  |b BIBEDU  |d 2019-11-21  |i 428190K  |o 425 THO 1999  |p 428190K  |r 2019-11-21  |w 2019-11-21  |y BK  |k LIT